000
00286nam a2200109Ia 4500
001
1262082
005
20260417140404.0
008
260417s9999 xx 000 0 und d
020
_a
9786253693954
245
0
_a
Mehlika Hanım Ailesi
_c
Nahid Sırrı Örik
260
_b
Everest Yayınları
999
_c
1262082
_d
1262082